| 000 | 01319nam a22002057a 4500 | ||
|---|---|---|---|
| 999 |
_c184610 _d184610 |
||
| 005 | 20220406121935.0 | ||
| 010 | _aB-742712-725 HIN-21-22 | ||
| 020 |
_a9789354772061 _c320.00 |
||
| 035 | _aB-742712-725 | ||
| 037 | _bरमेश पब्लिशिंग हाउस | ||
| 082 | _a000 | ||
| 100 | _aगुप्ता, आर | ||
| 245 |
_aइंडियन कोस्ट गार्ड नाविक: _bGeneral Duty भर्ती परीक्षा / _cआर. गुप्ता |
||
| 250 | _a2022 | ||
| 260 |
_aन्यू दिल्ली _bरमेश पब्लिशिंग हाउस _c2022 |
||
| 270 |
_a12-h, न्यू दरियागंज, ऑफिसर्स मेस के सामने,, _bन्यू दिल्ली _e110002 _minfo@rameshpublishinghouse.com |
||
| 300 |
_aवि पृ. _c24सेमी(अजिल्द) |
||
| 942 |
_2ddc _cHN _h000 _mगुप्ताआ |
||